| 000 | 00457nam a2200169Ia 4500 | ||
|---|---|---|---|
| 008 | 230718s9999 xx 000 0 und d | ||
| 041 | _aeng | ||
| 082 |
_a004.16 _bHAL |
||
| 100 | _aHall D.V. | ||
| 245 |
_aMicroprocessors And Interfacing _bProgramming And Hardware |
||
| 250 | _a2nd ed. | ||
| 260 |
_c2006 _bTata Mc-Graw Hill |
||
| 300 | _a663 | ||
| 365 |
_cRs. _b395.00 |
||
| 700 | _aHall D.V. | ||
| 906 |
_dO:0015615-Jul-2009B:733809-Jul-2009 _cIT _b395 |
||
| 999 |
_c321856 _d321856 |
||